000 00596nam a22001697a 4500
003 OSt
005 20171010095459.0
008 120720t xxu||||| |||| 00| 0 eng d
040 _aMMSU
_cULS
100 _aIlayat, Nagie M.
_911337
245 _aUtilization of banana (Musa sapientum L.) peelings as substrates in the production of Pleurotus sajor caju
_cNagie M. Ilayat
260 _c2008
300 _axiii, 36 leaves
_c28 cm.
500 _aThesis (BS Biology) -- Mariano Marcos State University-College of Arts & Sciences, Batac City
504 _aBibliography: leaf 24
942 _2ddc
_cTHEDIS
999 _c9646
_d9646